|
|
|
|
| LEADER |
00000cam a22000007i 4500 |
| 001 |
JSTOR_on1388639721 |
| 003 |
OCoLC |
| 005 |
20231005004200.0 |
| 006 |
m o d |
| 007 |
cr cnu---unuuu |
| 008 |
230704s2023 enk o 100 0 eng d |
| 040 |
|
|
|a YDX
|b eng
|e rda
|c YDX
|d JSTOR
|d N$T
|d YDX
|d OCLCO
|
| 020 |
|
|
|a 9781803274904
|q electronic book
|
| 020 |
|
|
|a 1803274905
|q electronic book
|
| 020 |
|
|
|z 1803274891
|
| 020 |
|
|
|z 9781803274898
|
| 029 |
1 |
|
|a AU@
|b 000074893849
|
| 035 |
|
|
|a (OCoLC)1388639721
|
| 037 |
|
|
|a 22573/cats4667304
|b JSTOR
|
| 043 |
|
|
|a e------
|
| 050 |
|
4 |
|a NK4083
|b .E97 2022
|
| 050 |
|
4 |
|a NK3870
|
| 082 |
0 |
4 |
|a 738.0940903
|2 23/eng/20230713
|
| 049 |
|
|
|a UAMI
|
| 111 |
2 |
|
|a Europa Postmediaevalis
|n (3rd :
|d 2022 :
|c Coimbra, Portugal)
|
| 245 |
1 |
0 |
|a Europa postmediaevalis 2022 :
|b connections and networking /
|c edited by Gabriela Blažková [and three others].
|
| 264 |
|
1 |
|a Oxford :
|b Archaeopress,
|c 2023.
|
| 300 |
|
|
|a 1 online resource
|
| 336 |
|
|
|a text
|b txt
|2 rdacontent
|
| 337 |
|
|
|a computer
|b c
|2 rdamedia
|
| 338 |
|
|
|a online resource
|b cr
|2 rdacarrier
|
| 588 |
|
|
|a Description based on online resource; title from digital title page (viewed on August 23, 2023).
|
| 590 |
|
|
|a JSTOR
|b Books at JSTOR Demand Driven Acquisitions (DDA)
|
| 590 |
|
|
|a JSTOR
|b Books at JSTOR All Purchased
|
| 650 |
|
0 |
|a Pottery
|z Europe
|x History
|v Congresses.
|
| 650 |
|
0 |
|a Leisure
|z Europe
|x History
|v Congresses.
|
| 650 |
|
6 |
|a Loisir
|z Europe
|x Histoire
|v Congrès.
|
| 700 |
1 |
|
|a Blažková, Gabriela,
|d 1974-
|e editor.
|
| 776 |
0 |
8 |
|i Print version:
|z 1803274891
|z 9781803274898
|w (OCoLC)1378092319
|
| 856 |
4 |
0 |
|u https://jstor.uam.elogim.com/stable/10.2307/jj.4688117
|z Texto completo
|
| 938 |
|
|
|a YBP Library Services
|b YANK
|n 305555480
|
| 938 |
|
|
|a EBSCOhost
|b EBSC
|n 3637742
|
| 994 |
|
|
|a 92
|b IZTAP
|